Months of the Year in Romanian - Statistics

General Stats
  • This quiz has been taken 41 times
  • The average score is 11 of 12
Answer Stats
English Romanian % Correct
May Mai
100%
September Septembrie
95%
August August
90%
December Decembrie
90%
February Februarie
90%
January Ianuarie
90%
July Iulie
90%
April Aprilie
86%
June Iunie
86%
March Martie
86%
October Octombrie
86%
November Noiembrie
76%
No matching quizzes found
Score Distribution
Percent of People with Each Score
Percentile by Number Answered
Your Score History
You have not taken this quiz